LEADER 01148nam a2200277 i 4500 001 991004088359707536 005 20020509153745.0 008 990122s1998 us ||| | eng 020 $a0472108557 035 $ab11261353-39ule_inst 035 $aPARLA194949$9ExL 040 $aDip. di Filol. Class. e di Scienze Filosofiche$bita 082 0 $a881 100 1 $aHubbard, Thomas K.$0183707 245 14$aThe pipes of Pan :$bintertextuality and literary filiation in the pastoral tradition from Teocritus to Milton /$cTh. K. Hubbard 260 $aAnn Arbor, Michigan :$bUniversity of Michigan,$cc1998 300 $aix, 390 p. ;$c24 cm. 650 4$aPoesia pastorale$yRinascimento$xInflussi classici 650 4$aPoesia pastorale greca$xSaggio critico 650 4$aPoesia pastorale latina$xInflussi greci 907 $a.b11261353$b21-09-06$c01-07-02 912 $a991004088359707536 945 $aLE007 C Litt 3130 Sala cons.$g1$i2007000050736$lle007$nSala Consultazione$o-$pE0.00$q-$rl$s- $t0$u0$v0$w0$x0$y.i11423365$z01-07-02 996 $aPipes of Pan$9865642 997 $aUNISALENTO 998 $ale007$b01-01-99$cm$da $e-$feng$gus $h4$i1